| 000 | 00711nam a2200253 i 4500 | ||
|---|---|---|---|
| 001 | 19451 | ||
| 003 | ES-MaACL | ||
| 005 | 20231103093139.0 | ||
| 007 | t| | ||
| 008 | 020829s2002 sp ||||1| spa d | ||
| 020 | _a84-666-0102-3 | ||
| 080 | _a94(100)(089.3) | ||
| 100 | 1 |
_aPerceval, José María. _990409 |
|
| 245 | 1 | 0 |
_aDel big bang al fin del mundo / _cJosé María Perceval. |
| 250 | _a1ª ed. | ||
| 260 |
_aBarcelona : _bEdiciones B, _c2002. |
||
| 300 |
_a345 p. ; _c24 cm. |
||
| 490 | 1 | _aHistórica | |
| 650 | 4 |
_aHistoria universal- _vCuriosidades. _913431 |
|
| 830 | 0 | 0 |
_aHistórica (Ediciones B) _9176073 |
| 852 |
_aES-MaACL _jL-25885 _bR.131521 |
||
| 942 | _2udc | ||
| 999 |
_c19451 _d19451 |
||